000 00972cam a2200253 a 4500
001 234447
005 20241203114351.0
008 990510s1999 mau 001 0 eng
020 _a007037127X
050 0 0 _aPE1441
_b.L354 1998b
082 0 0 _a808/.042
_221
100 1 _aLangan, John,
_d1942-
245 1 0 _aSentence skills :
_ba workbook for writers : form B /
_cJohn Langan.
250 _a6th ed.
260 _aBoston :
_bMcGraw-Hill,
_cc1998.
300 _axiv, 554 p. ;
_c24 cm.
500 _aIncludes index.
650 0 _aEnglish language
_xSentences
_xProblems, exercises, etc.
650 0 _aEnglish language
_xGrammar
_xProblems, exercises, etc.
856 4 2 _3Publisher description
_uhttp://www.loc.gov/catdir/description/mh023/99204699.html
856 4 1 _3Table of contents
_uhttp://www.loc.gov/catdir/toc/mh023/99204699.html
856 4 2 _3Contributor biographical information
_uhttp://www.loc.gov/catdir/enhancements/fy0735/99204699-b.html
942 _2lcc
_cBK
_n0
999 _c1932
_d1932